000 00518nam a22001817a 4500
005 20251127123025.0
008 251124b |||||||| |||| 00| 0 eng d
020 _a978-81-19613-68-7
041 _aeng
082 _a612 MAR-H
100 _aMARYA, R.K.
_95085
245 _aHUMAN ANATOMY AND PHYSIOLOGY-II , AS PER PCI REGULATIONS B. PHARMA [ 2ND SEMESTER]
250 _a1ST ED. 2024
260 _aNEW DELHI
_bINNOVATIVE PUBLICATION PVT LTD
_c2025
300 _a197;P
650 _aPHARMACY
_xB.PHARMA
942 _cBK
999 _c8953
_d8951